|
|
|
|
| LEADER |
00000nam a22000007a 4500 |
| 005 |
20210617231235.0 |
| 007 |
cr|||| |||| |
| 008 |
210617s2020 br |||||s|||| 00||0 por d |
| 020 |
|
|
|a 978-65-86060-12-6
|
| 035 |
|
|
|a 33597
|
| 040 |
|
|
|a vLex
|
| 090 |
|
|
|c 11812
|d 11812
|
| 100 |
1 |
|
|a Leal, Fernando
|
| 245 |
1 |
0 |
|a IX relatr̤io Supremo em Nm︢eros
|h [Recurso electrn̤ico] :
|b A justificaȯ̂ de decise̳s no Supremo: extensô das decise̳s e aplicaȯ̂ de precedentes /
|c Fernando Leal, Ana Paula de Barcellos, Guilherme Almeida
|
| 256 |
|
|
|a Servicio en ln̕ea
|
| 260 |
|
|
|a Rio de Janeiro:
|b FGV - Direito Rio,
|c 2020
|
| 300 |
|
|
|a 1 recurso electrn̤ico
|
| 500 |
|
|
|a Como o STF justifica suas decise̳s? Neste livro, buscamos uma resposta quantitativa para essa pergunta a partir de duas dimense̳s: a extensô das decise̳s da corte e o recurso a manifestaė̳s anteriores do tribunal e de seus Ministros. Atravš de uma sřie de grf̀icos, tabelas e anl̀ises, mostramos como estas duas dimense̳s interagem com variv̀eis como o tempo, os assuntos discutidos, as classes processuais, os r̤gôs julgadores dentro do tribunal, os Ministros relatores, dentre outras.
|
| 506 |
1 |
|
|a Disponible solo en los productos indicados
|d vLex Global
|d vLex Global (Academic Edition, excluding Law Schools)
|d vLex Global (U.S. Academic Edition, Law Schools)
|d vLex Global (U.S. Academic Edition, excluding Law Schools)
|d vLex Global (Academic Edition, Law Schools)
|
| 650 |
0 |
4 |
|a Cortes Generales/Parlamento
|z Brasil
|
| 700 |
1 |
|
|a de Barcellos, Ana Paula
|
| 700 |
1 |
|
|a Almeida, Guilherme
|
| 740 |
0 |
|
|a vLex Libros (Servicio en ln̕ea)
|
| 856 |
4 |
0 |
|u https://vlex.com/source/ix-relatorio-supremo-em-numeros-a-justifica-o-de-decis-es-no-supremo-extens-o-das-decis-es-e-aplica-o-de-precedentes-33597
|z Acceso restringido
|
| 942 |
|
|
|c BOOK
|
| 999 |
0 |
|
|a Cortes Generales/Parliament
|